000 00322nam a22001097a 4500
008 160430b xxu||||| |||| 00| 0 eng d
020 _a0397544243
041 _aeng
080 _a612.36
245 _aNutrition principles and application in health promotion;
_cCarol Jean West Suitor;Merrily Forbes Crowley;
942 _2udc
_cBK
999 _c1704
_d1704